BIBLIOTECA

SENCICO

Técnicas modernas en topografía / (Registro nro. 481)

Detalles MARC
000 -LEADER
fixed length control field 01624nam a2200313Ia 4500
003 - CONTROL NUMBER IDENTIFIER
control field PE SENCICO BE
005 - DATE AND TIME OF LATEST TRANSACTION
control field 20251020182439.0
008 - FIXED-LENGTH DATA ELEMENTS--GENERAL INFORMATION
fixed length control field 200515s9999 xx 000 0 und d
020 ## - INTERNATIONAL STANDARD BOOK NUMBER
International Standard Book Number 970-15-0673-1
040 ## - CATALOGING SOURCE
Original cataloging agency PE SENCICO BE
Transcribing agency PE SENCICO BE
041 ## - LANGUAGE CODE
Language code of text/sound track or separate title spa
082 ## - DEWEY DECIMAL CLASSIFICATION NUMBER
Classification number 526.9
Item number B21
100 1# - MAIN ENTRY--PERSONAL NAME
Personal name Bannister, A.
9 (RLIN) 3237
Relator term autor
245 10 - TITLE STATEMENT
Title Técnicas modernas en topografía /
Statement of responsibility, etc. A. Bannister, S. Raymond, R. Baker
250 ## - EDITION STATEMENT
Edition statement 7a ed.
260 ## - PUBLICATION, DISTRIBUTION, ETC.
Place of publication, distribution, etc. México, D.F. :
Name of publisher, distributor, etc. Alfaomega ;
Date of publication, distribution, etc. 2002
300 ## - PHYSICAL DESCRIPTION
Extent x, 550 páginas :
Other physical details ilustraciones, tablas, gráficos ;
Dimensions 23 cm.
505 0# - FORMATTED CONTENTS NOTE
Formatted contents note Levantamientos con cinta o longimetro -- Nivelación -- El teodolito y su uso -- Medición electromagnética de distancia (MED) -- Sistemas de posicionamiento por satélite -- Métodos de levantamiento -- Análisis y ajuste de mediciones -- Áreas y volúmenes -- Replanteo -- Trazo de curvas -- Levantamientos hidrográficos -- Fotogrametría
520 3# - SUMMARY, ETC.
Summary, etc. Los principios y equipos ligados a la topografía se describen en forma clara y breve, con una amplitud y dominio que no se encuentra en otras obras. Se pone una especial atención a temas tan importantes como los levantamientos por satélite, GPS y GLONASS, las medicines electromagnéticas de distancias, el tratamiento de errores, etc.
650 10 - SUBJECT ADDED ENTRY--TOPICAL TERM
Topical term or geographic name entry element Topografía
9 (RLIN) 4
650 20 - SUBJECT ADDED ENTRY--TOPICAL TERM
Topical term or geographic name entry element Instrumentos de topografía
9 (RLIN) 997
650 20 - SUBJECT ADDED ENTRY--TOPICAL TERM
Topical term or geographic name entry element Fotogrametría
9 (RLIN) 120
650 20 - SUBJECT ADDED ENTRY--TOPICAL TERM
Topical term or geographic name entry element GPS
9 (RLIN) 911
650 20 - SUBJECT ADDED ENTRY--TOPICAL TERM
Topical term or geographic name entry element Levantamiento topográfico
9 (RLIN) 116
650 20 - SUBJECT ADDED ENTRY--TOPICAL TERM
Topical term or geographic name entry element Nivelación de terrenos
9 (RLIN) 3229
700 1# - ADDED ENTRY--PERSONAL NAME
9 (RLIN) 3238
Personal name Raymond, S.
Relator term autor
700 1# - ADDED ENTRY--PERSONAL NAME
9 (RLIN) 3239
Personal name Baker, R.
Relator term autor
942 ## - ADDED ENTRY ELEMENTS (KOHA)
Koha item type Libros
Source of classification or shelving scheme Dewey Decimal Classification
Existencias
Fecha de la última vez que lo usaron Número de ingreso o de inventario Pago total Signatura topográfica completa Código de barras Precio efectivo desde Tipo de documento Estado perdido Sistema de clasificación Estado dañado No es para préstamo Retirado Ubicación permanente Ubicación actual Fecha de adquisición
15/05/2020 12141   526.9/B21/2002 BibLima25070057 15/05/2020 Libros   Dewey Decimal Classification       Biblioteca Central Lima Biblioteca Central Lima 15/05/2020